| 000 | 00411nam a22001937a 4500 | ||
|---|---|---|---|
| 003 | UA-OsUOA | ||
| 001 | 1474 | ||
| 007 | ta | ||
| 008 | 20050721b un ||||| |||| 00| 0 ukr d | ||
| 100 | _aNeufeldt | ||
| 700 | _aV. | ||
| 700 | _aGuralnik | ||
| 700 | _aD. B. | ||
| 942 | _cBK | ||
| 040 |
_aUA-OsUOA _cUA-OsUOA _dUA-OsUOA |
||
| 245 |
_aWebster`s New World Dictonery _bDictionary |
||
| 955 | _a2 | ||
| 650 | 7 | _2UDC | |
| 999 |
_c287636 _d287636 |
||